[Event "45th Olympiad 2024"]
[Site "Budapest HUN"]
[Date "2024.09.15"]
[Round "5.56"]
[Board "2"]
[White "Kayonde, Andrew"]
[Black "Mwale, Joseph"]
[Result "1-0"]
[WhiteElo "2338"]
[BlackElo "2063"]
[PlyCount "69"]
[EventDate "2024.09.11"]
[WhiteTeam "Zambia"]
[BlackTeam "Malawi"]
[WhiteTeamCountry "ZAM"]
[BlackTeamCountry "MWI"]

1. d4 Nf6 2. c4 e6 3. Nc3 Bb4 4. e3 d5 5. cxd5 exd5 6. Bd3 O-O 7. Nge2 Bd6 8. Nf4 $146 ({RR} 8. Qc2 Na6 9. a3 c5 10. dxc5 Nxc5 11. b4 Nxd3+ 12. Qxd3 Be6 13. Bb2 a5 14. b5 Ng4 15. Nd4 Ne5 16. Qe2 Rc8 17. h3 Nc4 18. O-O Qf6 19. Nd1 Qg6 20. Kh1 Bd7 21. a4 Rfe8 22. Bc3 Re4 {1-0 Johner,P-Bogoljubow,E Bern International Masters & SUI-ch36 1932 (11)}) ({RR} 8. Bd2 b6 9. O-O Re8 10. Nb5 Bf8 11. Rc1 c5 12. dxc5 bxc5 13. Qa4 Nbd7 14. Ba5 Nb6 15. Qf4 Ba6 16. Rfd1 c4 17. Bxc4 Re4 18. Qf3 Rxc4 19. Rxc4 Bxb5 20. Rc2 Rc8 21. Qf5 Bd7 {½-½ Vitiugov,N (2727)-Matlakov,M (2683) Yasnaya Polyana Tolstoy Memorial rapid 2021 (5)}) ({RR} 8. Bd2 a6 9. Rc1 Re8 10. O-O Ng4 11. g3 Nf6 12. f3 c5 13. Kh1 Nc6 14. Bb1 h5 15. a3 Bh3 16. Re1 Be6 17. dxc5 Bxc5 18. Nf4 Qd6 19. Nxe6 Rxe6 20. e4 dxe4 21. Nxe4 Nxe4 22. Bxe4 Rd8 {½-½ Diaz,R (2438)-Escalona Landi,S (2247) Guillermo Garcia Gp1 2024 (5.2)}) ({RR} 8. h3 c6 9. O-O Re8 10. Qc2 Nbd7 11. Rb1 Nf8 12. b4 Ng6 13. f3 Nh5 14. f4 Nf6 15. Bd2 Bd7 16. Ng3 Nh4 17. Nf5 Nxf5 18. Bxf5 Ne4 19. Bxd7 Qxd7 20. Nxe4 Rxe4 21. b5 c5 22. dxc5 Rc4 {½-½ Soultanbeieff,V-Fairhurst,W Olympiad-05 Folkestone 1933 (14.1)}) ({RR} 8. Nb5 Be7 9. O-O Re8 10. a3 a5 11. Kh1 Na6 12. f3 c5 13. Nbc3 Bd7 14. g4 Nc7 15. a4 Ne6 16. Rg1 Bc6 17. Bc2 Nd7 18. f4 cxd4 19. exd4 Bb4 20. g5 Nef8 21. f5 Nc5 22. Nf4 Ne4 {1-0 Gurevich,M (2625)-Dizdar,G (2490) Reykjavik op 1988}) 8... Bxf4 9. exf4 Re8+ 10. Ne2 b6 11. b4 Nc6 12. Rb1 Nxd4 13. Bxh7+ Kxh7 14. Qxd4 Re4 15. Qd2 Qe8 16. f3 Re7 17. Kf2 Ba6 18. Ng3 Qb5 19. Bb2 Rae8 20. Be5 Nd7 21. Nf5 Nxe5 22. fxe5 Rxe5 23. Qg5 Rxf5 24. Qxf5+ Kg8 25. Rhe1 Re2+ 26. Kg3 c6 27. Rbc1 g6 28. Qf6 Bb7 29. Rcd1 Qc4 30. h4 Qxa2 31. Rxe2 Qxe2 32. h5 gxh5 33. Rh1 Qe6 34. Qd8+ Kg7 35. Rxh5 1-0

[Event "45th Olympiad 2024"]
[Site "Budapest HUN"]
[Date "2024.09.15"]
[Round "5.56"]
[Board "3"]
[White "Chipanga, Chiletso"]
[Black "Mulenga, Prince Daniel"]
[Result "1/2-1/2"]
[WhiteElo "2089"]
[BlackElo "2184"]
[PlyCount "105"]
[EventDate "2024.09.11"]
[WhiteTeam "Malawi"]
[BlackTeam "Zambia"]
[WhiteTeamCountry "MWI"]
[BlackTeamCountry "ZAM"]

1. e4 {ChessBase II} c5 2. Nf3 Nc6 3. d4 cxd4 4. Nxd4 Nf6 5. Nc3 d6 6. Be2 g6 7. O-O Bg7 8. Be3 O-O 9. Nxc6 bxc6 10. f4 Nd7 ({RR} 10... Qa5 11. h3 Rb8 12. Rb1 Rd8 13. Qe1 Kh8 14. Qh4 d5 15. exd5 cxd5 16. Bd4 Rb4 17. Qf2 Bf5 18. Bc5 Rxf4 19. Qxf4 Qxc5+ 20. Kh1 d4 21. Rbd1 e5 22. Qh4 Rb8 23. Nb1 Rxb2 24. Bg4 Bxc2 25. Rc1 {0-1 Delgado,F (2200)-Conquest,S (2400) WchT U26 06th 1986}) 11. g4 $146 ({RR} 11. Qd2 Qa5 12. f5 Ne5 13. fxg6 hxg6 14. Bh6 Bg4 15. Bxg7 Kxg7 16. Bxg4 Nxg4 17. Kh1 Rh8 18. h3 Rab8 19. Rab1 Qe5 20. Qf4 Qxf4 21. Rxf4 Ne3 22. Rf2 Rb4 23. b3 Ng4 24. Rf3 Nf6 25. Re1 Rh5 {½-½ Rohde,T-Schaefer,H (2172) Kleve op 1999 (2)}) ({RR} 11. Na4 Qa5 12. c3 Ba6 13. Bxa6 Qxa6 14. Qc2 Nb6 15. Nxb6 axb6 16. a3 Qa4 17. Qd3 Qb3 18. Rf2 Ra4 19. Re1 b5 20. f5 Rc4 21. Bg5 Bd4 22. Be3 Bg7 23. Bg5 Bd4 {½-½ Mihalyfi,G (1996)-Kurcsics,M (1938) HUN-chT2 Szechenyi 1415 2014 (9.7)}) ({RR} 11. Qe1 Rb8 12. Rb1 Re8 13. Bxa7 Rxb2 14. Rxb2 Qa5 15. e5 Qxa7+ 16. Kh1 dxe5 17. Rb4 f5 18. Bc4+ e6 19. fxe5 Nxe5 20. Ra4 Qc5 21. Bb3 Ng4 22. Rc4 Qd6 23. Rxg4 fxg4 24. Ne4 Qe5 25. Qe2 h5 {0-1 Wilfert,A (2084)-Czerwonski,A (2419) Augsburg Afro op 2003 (2)}) 11... Rb8 12. Na4 Rb4 13. c4 Nf6 14. Nc3 Rxb2 15. Rc1 Qa5 16. Bd4 c5 17. Bxf6 Bxf6 18. e5 dxe5 19. g5 Bg7 20. Nd5 exf4 21. Nxe7+ Kh8 22. Rxf4 Be6 23. Bf3 Qd2 24. Qxd2 Rxd2 25. Re1 Rb8 26. Nc6 Rbb2 27. Bd5 Rxa2 28. Bxe6 fxe6 29. Rxe6 Ra1+ 30. Rf1 Bd4+ 31. Nxd4 Rxf1+ 32. Kxf1 Rxd4 33. h3 Rxc4 34. Re8+ Kg7 35. Re7+ Kg8 36. Rxa7 Rc1+ 37. Ke2 Rg1 38. h4 Rg4 39. Ra8+ Kf7 40. Ra7+ Ke6 41. Rxh7 Kd5 42. Kf3 Ra4 43. h5 gxh5 44. Rxh5 Ra8 45. g6+ Kd4 46. g7 Rg8 47. Rg5 c4 48. Rg6 Kd3 49. Rd6+ Kc2 50. Rd7 c3 51. Kf4 Kb2 52. Rb7+ Ka2 53. Ke3 1/2-1/2

[Event "45th Olympiad 2024"]
[Site "Budapest HUN"]
[Date "2024.09.15"]
[Round "5.56"]
[Board "4"]
[White "Kaoma, Micheal"]
[Black "Mwale, George"]
[Result "1-0"]
[WhiteElo "2161"]
[BlackElo "2056"]
[PlyCount "133"]
[EventDate "2024.09.11"]
[WhiteTeam "Zambia"]
[BlackTeam "Malawi"]
[WhiteTeamCountry "ZAM"]
[BlackTeamCountry "MWI"]

1. d4 Nf6 2. c4 e6 3. Nc3 d5 4. Nf3 Be7 5. Qc2 O-O 6. e4 dxe4 7. Nxe4 Nc6 8. Be3 Nxe4 9. Qxe4 Bb4+ 10. Bd2 Bxd2+ 11. Kxd2 f5 $146 ({RR} 11... Qd6 12. a3 Rd8 13. Kc3 f5 14. Qe3 b6 15. Rd1 e5 16. d5 e4 17. Nd4 Nxd4 18. Qxd4 Bb7 19. Be2 Qe7 20. Qe3 Qe5+ 21. Qd4 Qe7 22. Qe3 Rd6 23. Kc2 Re8 24. h4 Qe5 25. g3 Kh8 26. Rhe1 {1-0 Motuzova,M (1869)-Krupa,M (1788) SVK-chT1W 1617 2016 (10.8)}) 12. Qe3 Qf6 13. Rd1 Nxd4 14. Nxd4 c5 15. Nc2 Qxb2 16. Qc3 Qb6 17. Bd3 Bd7 18. Qe5 Rf6 19. Ke2 Bc6 20. f3 Rd8 21. Kf2 Ba4 22. Rhe1 Qa5 23. Qb2 Qc7 24. Qa3 b5 25. cxb5 c4 26. Qxa4 cxd3 27. Ne3 f4 28. Ng4 Qb6+ 29. Kf1 Rf5 30. Qa6 Qxa6 31. bxa6 Ra5 32. Rd2 Rxa6 33. Ne5 Ra3 34. Red1 Rd5 35. Nxd3 Rda5 36. Nxf4 Rxa2 37. Nxe6 Rxd2 38. Rxd2 Kf7 39. Nd8+ Kf6 40. Kf2 Ra1 41. Nc6 a5 42. Nd4 a4 43. Ne2 a3 44. h4 Ke5 45. g3 h6 46. h5 Kf6 47. Rd6+ Ke5 48. Rd2 Kf6 49. Ke3 Ke5 50. g4 Kf6 51. Kf4 Rb1 52. Rd6+ Kf7 53. Ra6 Rb4+ 54. Kf5 Rb5+ 55. Ke4 Rb2 56. Nd4 a2 57. Ke5 Rd2 58. Ra7+ Kg8 59. Ne6 Rf2 60. f4 Rg2 61. Kf5 Re2 62. Rxg7+ Kh8 63. Ra7 Kg8 64. g5 hxg5 65. fxg5 Kh8 66. Ra8+ Kh7 67. g6+ 1-0

[Event "45th Olympiad 2024"]
[Site "Budapest HUN"]
[Date "2024.09.15"]
[Round "5.57"]
[Board "1"]
[White "Santos Flores, Alberto"]
[Black "Van Bemmelen, Ursus"]
[Result "1/2-1/2"]
[WhiteElo "2168"]
[BlackElo "2146"]
[PlyCount "107"]
[EventDate "2024.09.11"]
[WhiteTeam "Ecuador"]
[BlackTeam "Netherlands Antilles"]
[WhiteTeamCountry "ECU"]
[BlackTeamCountry "AHO"]

1. e4 c5 2. Nf3 e6 3. g3 b6 4. Bg2 Bb7 5. d3 d6 6. O-O Nf6 7. c3 ({RR} 7. a4 Be7 8. Nc3 O-O 9. e5 dxe5 10. Nxe5 Qc8 11. Bf4 Nc6 12. Qf3 Na5 13. Qe2 Nc6 14. Qf3 Na5 15. Qe2 Nc6 16. Nxc6 Bxc6 17. Rfe1 Rd8 18. a5 b5 19. a6 b4 20. Ne4 Nd5 21. Be3 Nxe3 {0-1 Amin,B (2628)-Fedorchuk,S (2638) FRA-chT Top 12 2014 (10.2)}) 7... Be7 ({RR} 7... Qc7 8. Re1 Nbd7 9. Nbd2 Be7 10. d4 cxd4 11. cxd4 Rc8 12. Bf1 Qc2 13. Qxc2 Rxc2 14. Bd3 Rc7 15. Nb3 O-O 16. a4 a6 17. Bf4 Rfc8 18. Nfd2 Nh5 19. Be3 Nhf6 20. f3 e5 21. d5 Nc5 22. Nxc5 {1-0 Mazurkiewicz,M (2145)-Chemin,J (2040) Titled Tue 6th Feb Early 2024 (10)}) 8. Nbd2 O-O 9. a3 Qc7 $146 ({RR} 9... Nbd7 10. b4 Qc7 11. Qe2 cxb4 12. cxb4 Ba6 13. Rb1 Rac8 14. Re1 Rfd8 15. b5 Bb7 16. d4 Qb8 17. Bb2 Rc2 18. Qd1 Rdc8 19. Bf1 R2c7 20. Bd3 Qa8 21. Qe2 Nf8 22. e5 dxe5 23. dxe5 N6d7 24. Bd4 {0-1 Dimitrov,A (2290)-Pantev,V (2325) BUL-ch sf Shumen 1995 (3)}) ({RR} 9... Nc6 10. Qe2 Rc8 11. b4 Ne5 12. Bb2 Qd7 13. Ne1 Qa4 14. f4 Ng6 15. Nef3 Qc2 16. Rfb1 c4 17. Ne1 cxd3 18. Qe3 Qa4 19. c4 Rfe8 20. Qxd3 d5 21. cxd5 exd5 22. e5 Ne4 23. Rc1 Nxd2 24. Qxd2 {1-0 Sadvakasov,D (2568)-Kveinys,A (2535) Liepajas Rokade rapid 2001 (3)}) ({RR} 9... Nbd7 10. Re1 Ne5 11. Qe2 Ba6 12. Nxe5 dxe5 13. c4 Nd7 14. b4 cxb4 15. axb4 Bb7 16. Ba3 a5 17. bxa5 Bxa3 18. Rxa3 Rxa5 19. Rea1 Nc5 20. Nf3 Rxa3 21. Rxa3 Qd6 22. Ra7 Rd8 23. Bf1 f6 24. Ne1 {0-1 Novoselski,Z (2385)-Pikula,D (2440) Jagodina 1998 (3)}) 10. Rb1 Nbd7 11. Re1 Rac8 12. Qe2 Ba6 13. b3 Ng4 14. c4 Bf6 15. b4 cxb4 16. Rxb4 Nge5 17. Nxe5 dxe5 18. Rb1 Rfd8 19. Nb3 b5 20. cxb5 Bxb5 21. Be3 Qc6 22. Bf1 Qa6 23. Qb2 Bxd3 24. Bxd3 Qxd3 25. Bxa7 Rc2 26. Nc1 Qd2 27. Qb4 Be7 28. Qxd2 Rxd2 29. Be3 Rc2 30. Rb7 Bc5 31. Rc7 Rc3 32. Rd1 Rxe3 33. Rxc5 Re1+ 34. Rxe1 Nxc5 35. Na2 Ra8 36. Re3 g5 37. g4 Kg7 38. Kg2 Kg6 39. Nb4 h5 40. h3 h4 41. Kf3 f5 42. exf5+ exf5 43. Rxe5 Rxa3+ 44. Kg2 fxg4 45. Rxc5 gxh3+ 46. Kh2 g4 47. Rc2 Rf3 48. Nc6 Rxf2+ 49. Rxf2 g3+ 50. Kxh3 gxf2 51. Kg2 h3+ 52. Kxf2 h2 53. Kg2 h1=B+ 54. Kxh1 1/2-1/2

[Event "45th Olympiad 2024"]
[Site "Budapest HUN"]
[Date "2024.09.15"]
[Round "5.57"]
[Board "2"]
[White "Capella, Rurik"]
[Black "Garzon Zapatanga, Christopher Leonel"]
[Result "0-1"]
[WhiteElo "1971"]
[BlackElo "2216"]
[PlyCount "53"]
[EventDate "2024.09.11"]
[WhiteTeam "Netherlands Antilles"]
[BlackTeam "Ecuador"]
[WhiteTeamCountry "AHO"]
[BlackTeamCountry "ECU"]

1. e4 c5 2. Nf3 d6 3. Nc3 Nf6 4. e5 dxe5 5. Nxe5 e6 6. Bb5+ Nbd7 7. d4 cxd4 8. Qxd4 a6 9. Bxd7+ Nxd7 ({RR} 9... Bxd7 10. Bg5 Bc6 11. Nxc6 bxc6 12. Bxf6 Qxf6 13. Qe4 Rc8 14. O-O-O Be7 15. f4 O-O 16. Rd7 Rfd8 17. Rhd1 h6 18. g3 Rxd7 19. Rxd7 Bf8 20. Qe5 Qg6 21. Na4 Qg4 22. Nb6 Re8 23. a3 Qf3 24. Kb1 {0-1 Tikhonov,V (2160)-Tsatsalashvili,K (2315) Titled Tue 5th Mar Late 2024 (5)}) 10. Bf4 ({RR} 10. Be3 Qf6 11. f4 Bc5 12. Qd2 Bxe3 13. Qxe3 Nxe5 14. fxe5 Qh4+ 15. g3 Qh5 16. Qc5 f6 17. Ne4 Qxe5 18. Qxe5 fxe5 19. O-O-O Ke7 20. Rhf1 b5 21. Ng5 h6 22. Nf7 Rf8 23. Nxe5 Rxf1 24. Rxf1 Kd6 {½-½ Ljubojevic,L (2635)-Kasparov,G (2775) Interpolis Tilburg 1989 (2)}) 10... Bc5 11. Qc4 Qc7 $146 ({RR} 11... Qe7 12. Ne4 b5 13. Qd3 Nxe5 14. Bxe5 Bb7 15. Bxg7 Qh4 16. Nf6+ {1-0 Christiansen,J (2577)-Krishnan,V (2373) Titled Tue 14th Feb Late 2023 (8)}) 12. Qe4 Bd6 13. Nxf7 Kxf7 14. Bxd6 Qxd6 15. Rd1 Qc6 16. Qf4+ Nf6 17. O-O Re8 18. Qe5 Kg8 19. Rd6 Qc7 20. Rfd1 b5 21. g4 Bb7 22. g5 Nd5 23. Ne4 Rad8 24. g6 hxg6 25. c4 bxc4 26. Rd4 Qf7 27. Ng5 0-1

[Event "45th Olympiad 2024"]
[Site "Budapest HUN"]
[Date "2024.09.15"]
[Round "5.57"]
[Board "3"]
[White "Mieles Palau, Daniel"]
[Black "Van Opstal, Rurik"]
[Result "1-0"]
[WhiteElo "2321"]
[BlackElo "2006"]
[PlyCount "65"]
[EventDate "2024.09.11"]
[WhiteTeam "Ecuador"]
[BlackTeam "Netherlands Antilles"]
[WhiteTeamCountry "ECU"]
[BlackTeamCountry "AHO"]

1. c4 e5 2. g3 Nf6 3. Nc3 d5 4. cxd5 Nxd5 5. Bg2 Nf6 6. Nf3 Nc6 7. O-O h6 8. d3 Bd6 9. b3 ({RR} 9. a3 a5 10. b3 O-O 11. Bb2 Re8 12. Rc1 Bf5 13. h3 Qd7 14. Kh2 Nd4 15. Nd2 c6 16. e3 Nb5 17. Nxb5 cxb5 18. Nf3 Rad8 19. e4 Be6 20. Bxe5 Bxe5 21. Nxe5 Qd6 22. f4 Qxa3 23. d4 Bxb3 {0-1 Ding,L (2791)-Carlsen,M (2863) Chessable Masters Final rapid 2020 (2.23)}) 9... O-O 10. Bb2 Re8 11. Nd2 ({RR} 11. Rc1 Bf8 12. Na4 Bd6 13. Nd2 Nd4 14. e3 Nf5 15. Nc4 Rb8 16. Nc3 Bf8 17. Ne4 Nd7 18. Bh3 Nb6 19. Bg2 Nxc4 20. dxc4 Qe7 21. c5 b6 22. Qc2 Qe6 23. Rfd1 Bb7 24. c6 Bc8 25. Nc3 Bd6 {1-0 Vakhidov,J (2599)-Le,Q (2731) Titled Tue 21st May Early 2024 (5)}) 11... Bf5 $146 ({RR} 11... Bc5 12. Rc1 Bb6 13. Nde4 Nxe4 14. dxe4 Bd4 15. e3 Bxc3 16. Bxc3 Be6 17. Qe2 f6 18. Rfd1 Qe7 19. Bf1 a6 20. Qb2 Red8 21. f4 Rxd1 22. Rxd1 Qc5 23. Kf2 exf4 24. gxf4 Qh5 25. Ke1 Re8 26. Qg2 {½-½ Xiong,J (2709)-Ter Sahakyan,S (2640) RBI op Qualifier 2 blitz 2020 (6)}) 12. Bxc6 bxc6 13. Rc1 Bb4 14. Na4 Bh3 15. Re1 Qd5 16. f3 Ng4 17. Nc4 Bxe1 18. Qxe1 Nf6 19. Ne3 Qd7 20. Nc5 Qc8 21. g4 h5 22. Qg3 hxg4 23. fxg4 Bxg4 24. Rf1 Kh7 25. Rxf6 gxf6 26. Qh4+ Kg6 27. Nxg4 Rh8 28. Qxf6+ Kh5 29. h3 Qd8 30. Qxf7+ Kh4 31. Bxe5 Rh6 32. Ne4 Qg8 33. Bg3+ 1-0

[Event "45th Olympiad 2024"]
[Site "Budapest HUN"]
[Date "2024.09.15"]
[Round "5.57"]
[Board "4"]
[White "Van Delden, Johan"]
[Black "Munoz Sanchez, Miguel"]
[Result "0-1"]
[WhiteElo "1909"]
[BlackElo "2181"]
[PlyCount "70"]
[EventDate "2024.09.11"]
[WhiteTeam "Netherlands Antilles"]
[BlackTeam "Ecuador"]
[WhiteTeamCountry "AHO"]
[BlackTeamCountry "ECU"]

1. e4 c5 2. Nf3 a6 3. d4 cxd4 4. Nxd4 Nf6 5. Bd3 e5 6. Nb3 d5 7. exd5 Nxd5 8. a3 Nc6 9. O-O Be6 10. Re1 ({RR} 10. c4 Nf4 11. Bxf4 exf4 12. Nc3 Be7 13. Re1 O-O 14. Bf1 Bf6 15. Rc1 b6 16. Rc2 Qxd1 17. Rxd1 Rab8 18. Nd5 Be5 19. Be2 a5 20. a4 Rfd8 21. Kf1 g5 22. f3 Kf8 23. Rcd2 Ke8 24. Ke1 h5 {0-1 Latreche,K (1943)-Bulajic,R (2017) Abu Dhabi Masters Online 2024 (8)}) 10... Be7 11. N1d2 $146 ({RR} 11. c4 Nf6 12. Nc3 O-O 13. Qc2 Nd4 14. Nxd4 exd4 15. Ne4 h6 16. Qe2 Nd7 17. Qh5 Re8 18. Bd2 Rc8 19. Rac1 Bf8 20. b4 g6 21. Qf3 Bf5 22. Bf4 Ne5 23. Bxe5 Rxe5 24. Qf4 Bg7 25. c5 Qe7 {1-0 Kavitha,J (2066)-Koneru,C (2193) Asia-ch (Women) 10th 2003 (7)}) 11... O-O 12. Nf3 Qc7 13. Ng5 Bxg5 14. Bxg5 f6 15. Bd2 Rad8 16. Qf3 Nde7 17. Rad1 Nd4 18. Nxd4 Rxd4 19. h3 Rfd8 20. Be3 R4d7 21. Qh5 g6 22. Qh4 Nd5 23. Bc1 Bf7 24. Qg4 Ne7 25. Qh4 Qc6 26. Bd2 Rd4 27. Re4 Nf5 28. Qg4 h5 29. Qe2 Bd5 30. Rxd4 Nxd4 31. Qf1 e4 32. Be2 Qxc2 33. b4 Bb3 34. Rc1 Nxe2+ 35. Qxe2 Qxd2 0-1

[Event "45th Olympiad 2024"]
[Site "Budapest HUN"]
[Date "2024.09.15"]
[Round "5.58"]
[Board "1"]
[White "Bagheri, Amir"]
[Black "Mehrad, Ahmad Tamim"]
[Result "1-0"]
[WhiteElo "2372"]
[BlackElo "2015"]
[PlyCount "57"]
[EventDate "2024.09.11"]
[WhiteTeam "Monaco"]
[BlackTeam "Afghanistan"]
[WhiteTeamCountry "MNC"]
[BlackTeamCountry "AFG"]

1. Nf3 d5 2. c4 e6 3. g3 c5 4. cxd5 exd5 5. d4 Nf6 6. Bg2 Nc6 7. Nc3 c4 8. O-O Bb4 9. Bg5 Bxc3 10. bxc3 h6 11. Bxf6 Qxf6 12. Nd2 ({RR} 12. e4 dxe4 13. Nd2 O-O 14. Bxe4 b5 15. Qf3 Qxf3 16. Bxf3 Bb7 17. Rab1 a6 18. a4 b4 19. Nxc4 Rfd8 20. d5 Ne7 21. Nb6 Rab8 22. Rxb4 a5 23. Rbb1 Ba6 24. Rfe1 Ng6 25. c4 f6 26. Be2 Ne5 {1-0 Palchuk,A (2364)-Leenes,R Groninger Combinatie Open 2024 (3.2)}) 12... Be6 13. e4 O-O-O $146 ({RR} 13... Ne7 14. Rb1 b6 15. Nxc4 O-O 16. Ne3 dxe4 17. Bxe4 Rac8 18. Qd2 Rfd8 19. Qb2 Bd5 20. Nxd5 Nxd5 21. Rbc1 Qg5 22. Bg2 Nf6 23. Rfe1 h5 24. Re5 Qg6 25. Rce1 Qd3 26. R5e3 Qc4 27. Qb3 Qxb3 28. axb3 {1-0 Von den Steinen,B (2191)-Wohde,J (1968) SVR-ch MAT-I 34th 2011 (9)}) ({RR} 13... Rd8 14. exd5 Bxd5 15. Bxd5 Rxd5 16. Re1+ Ne7 17. Qa4+ Qc6 18. Qxa7 Rd7 19. Qb8+ Rd8 20. Qe5 Qf6 21. Qb5+ Qc6 22. Qb4 Qc7 23. Nxc4 f6 24. Rab1 Rd7 25. Nb6 Rd8 26. Na4 Rb8 27. Nc5 Kf7 28. Qc4+ {1-0 De la Cruz Sanchez,C (2242)-Diaz Martin,C (1471) Las Palmas Montalvo Memorial 6th 2013 (1)}) 14. Rb1 Qe7 15. Qa4 f5 16. exd5 Bxd5 17. Rfe1 Qf7 18. Bxd5 Qxd5 19. Rb5 Qf7 20. Reb1 b6 21. Nxc4 Qc7 22. Rxb6 axb6 23. Nxb6+ Kb7 24. Nd5+ Kc8 25. Qa6+ Kd7 26. Nxc7 Kxc7 27. Rb7+ Kd6 28. Rxg7 Rhg8 29. Qa3+ 1-0

[Event "45th Olympiad 2024"]
[Site "Budapest HUN"]
[Date "2024.09.15"]
[Round "5.58"]
[Board "2"]
[White "Haidary, Hameedullah"]
[Black "Efimov, Igor"]
[Result "0-1"]
[WhiteElo "2192"]
[BlackElo "2338"]
[PlyCount "126"]
[EventDate "2024.09.11"]
[WhiteTeam "Afghanistan"]
[BlackTeam "Monaco"]
[WhiteTeamCountry "AFG"]
[BlackTeamCountry "MNC"]

1. e4 e6 2. d4 d5 3. exd5 exd5 4. Nf3 Bd6 5. Bd3 Ne7 6. O-O Nbc6 7. c3 Bg4 8. Re1 Qd7 9. Nbd2 O-O 10. Qc2 Bf5 11. Bxf5 ({RR} 11. Nf1 Bxd3 12. Qxd3 Ng6 13. h4 h6 14. h5 Nge7 15. Ne5 Bxe5 16. dxe5 d4 17. Ng3 Rad8 18. f4 Qg4 19. Qf3 Qxf3 20. gxf3 dxc3 21. bxc3 Rd3 22. Kg2 Rxc3 23. f5 Rc2+ 24. Kh3 f6 25. e6 Nd4 {0-1 Hansen,E (2609)-Fedoseev,V (2680) Titled Tue 2nd May Late 2023 (8)}) ({RR} 11. Nf1 Bxd3 12. Qxd3 Ng6 13. Ng3 Rfe8 14. Bd2 a6 15. Qf5 Qxf5 16. Nxf5 Bf8 17. h4 Nge7 18. Nxe7+ Nxe7 19. Re2 Nf5 20. Rae1 Nd6 21. Rxe8 Rxe8 22. Rxe8 Nxe8 23. Bf4 c6 24. a4 f6 25. Kf1 Nd6 {½-½ Spanton,T (1766)-Gooding,I (1910) 2nd Cambridge Int Open 2024 (8.48)}) 11... Nxf5 12. Nf1 Rae8 13. Ne3 Nce7 $146 ({RR} 13... Nxe3 14. Bxe3 Qg4 15. Bd2 Re6 16. Ne5 Bxe5 17. dxe5 Nxe5 18. Re3 Nc4 19. Rg3 Qe2 20. Rd3 Rfe8 21. h3 Rf6 22. Rf1 c6 23. Rd4 Ne3 {0-1 De Farias,J (1864)-Silva,A (1879) Cuiaba Master 10th 2019 (5.1)}) 14. Bd2 c6 15. h3 f6 16. Re2 Nxe3 17. Bxe3 Nf5 18. Rae1 Bc7 19. Bc1 g6 20. Qd3 b5 21. b3 Kf7 22. Ba3 Rxe2 23. Qxe2 Re8 24. Qxe8+ Qxe8 25. Rxe8 Kxe8 26. g4 Ng7 27. Ne1 Ne6 28. Nd3 Ng5 29. Kg2 Ne4 30. Bb2 Ba5 31. f3 Ng5 32. Kg3 Bc7+ 33. Kg2 Ne6 34. Bc1 Bd6 35. Kf2 g5 36. b4 Kf7 37. Be3 Kg6 38. Ke2 h5 39. Kf2 a6 40. Bd2 Bc7 41. Ke2 a5 42. a3 a4 43. Be3 Bd6 44. Bd2 f5 45. Kf2 Nf8 46. Kg2 Nd7 47. Kf2 Nf6 48. Ne5+ Bxe5 49. dxe5 Ne8 50. gxh5+ Kxh5 51. e6 f4 52. e7 Kg6 53. h4 gxh4 54. Bxf4 Kf6 55. Be3 Nd6 56. Bc5 Kxe7 57. Kg2 Ke6 58. Bxd6 Kxd6 59. Kh3 c5 60. bxc5+ Kxc5 61. f4 d4 62. f5 dxc3 63. f6 Kd6 0-1

[Event "45th Olympiad 2024"]
[Site "Budapest HUN"]
[Date "2024.09.15"]
[Round "5.58"]
[Board "3"]
[White "Meylan, Andre"]
[Black "Kanz, Ahmad Safy"]
[Result "1/2-1/2"]
[WhiteElo "2165"]
[BlackElo "1977"]
[PlyCount "166"]
[EventDate "2024.09.11"]
[WhiteTeam "Monaco"]
[BlackTeam "Afghanistan"]
[WhiteTeamCountry "MNC"]
[BlackTeamCountry "AFG"]

1. e4 c5 2. Nf3 d6 3. d4 cxd4 4. Nxd4 Nf6 5. Nc3 a6 6. a4 e5 7. Nf3 h6 8. Bc4 Be7 9. O-O O-O 10. Qe2 Be6 11. Rd1 Qc7 12. Nd5 Bxd5 13. Bxd5 Nxd5 14. Rxd5 Nd7 15. Rd3 $146 ({RR} 15. b3 Nf6 16. Rd1 Qc6 17. Re1 b5 18. Nh4 Rfc8 19. Nf5 Bf8 20. axb5 axb5 21. Rxa8 Rxa8 22. f3 Ra2 23. Ne3 Nd7 24. Qd3 Nc5 25. Qc3 Qb6 26. Kf1 Qa6 27. Kg1 Ne6 28. Nd5 Qb7 29. Be3 Ra6 {0-1 Meylan,A (2022)-Nikologorskiy,K (2308) World ol U16 2011 (4.12)}) ({RR} 15. b3 Qc3 16. Ra2 Nf6 17. Rd3 Qc6 18. Nd2 d5 19. Bb2 dxe4 20. Re3 Qxc2 21. Rc3 Rac8 22. Rxc2 Rxc2 23. Qd1 Rc6 24. Nc4 Rd8 25. Qe2 Nd5 26. Ra1 f5 27. Nxe5 Re6 28. Qh5 Rf8 29. Ng6 Rf7 {1-0 Mills,M-Qin,Z (2159) CAN-ch Guelph 2011 (9)}) 15... b5 16. axb5 axb5 17. Rda3 Rxa3 18. Rxa3 b4 19. Ra1 Qc6 20. Ne1 Nc5 21. f3 d5 22. exd5 Qxd5 23. Be3 Ne6 24. Qd3 Qc6 25. Ra6 Qc8 26. Ra5 Rd8 27. Rd5 Rxd5 28. Qxd5 Qa6 29. Kf2 Bf6 30. Nd3 Qa1 31. b3 Qh1 32. Qa8+ Kh7 33. Qe4+ Kg8 34. h3 Be7 35. Nxe5 Qd1 36. Qd3 Qh1 37. Qe4 Qd1 38. Nc6 Bf8 39. Qd3 Qa1 40. Nd4 Nxd4 41. Bxd4 Qb1 42. Qe2 Bd6 43. Qe8+ Kh7 44. Qc6 Bh2 45. Qe4+ Kg8 46. Ke2 Bd6 47. Qe8+ Kh7 48. Qe4+ Kg8 49. Kd2 Qf1 50. Qe2 Qh1 51. Qe8+ Bf8 52. Qe2 Qh2 53. Kc1 Qf4+ 54. Qe3 Qg3 55. Qf2 Qg5+ 56. Kb1 Bd6 57. Qe2 Qd5 58. Qe8+ Bf8 59. Qe4 Qb5 60. Kb2 Bd6 61. Qg4 Bf8 62. f4 Qd5 63. f5 h5 64. Qh4 Qxf5 65. Qd8 Qf4 66. Kb1 Qd2 67. Bb6 Qxg2 68. Bc5 Qf1+ 69. Kb2 Qf6+ 70. Qxf6 gxf6 71. Bxf8 Kxf8 72. c4 Ke7 73. Kc2 Kd6 74. Kd3 Ke5 75. h4 f5 76. Ke3 f4+ 77. Kf3 f6 78. Kf2 Kd4 79. Kf3 Ke5 80. Ke2 Ke4 81. Kf2 Kd4 82. Ke2 Ke4 83. Kf2 Kd4 1/2-1/2